[Event "XI Closed IM BCC 2021"]
[Site "Barcelona"]
[Date "2021.03.21"]
[Round "7.2"]
[White "Fantinel, Thibault"]
[Black "Valenzuela Gomez, Fernando"]
[Result "1/2-1/2"]
[WhiteElo "2375"]
[BlackElo "2393"]
[Annotator "ChessBase"]
[PlyCount "53"]
[EventDate "2021.03.15"]
[EventType "tourn"]
[EventCountry "ESP"]
[SourceTitle "playchess.com"]
[Source "ChessBase"]
[SourceQuality "1"]
[TimeControl "5400+30"]

1. e4 {[%emt 0:00:00]} c5 {[%emt 0:12:31]} 2. Nf3 {[%emt 0:00:29]} d6 {[%emt 0:00:30]} 3. Bb5+ {[%emt 0:00:12]} Nd7 {[%emt 0:00:05]} 4. a4 {[%emt 0:00:56]} Ngf6 {[%emt 0:00:25]} 5. Nc3 {[%emt 0:00:06]} g6 {[%emt 0:00:18]} 6. a5 {[%emt 0:00:26]} Bg7 {[%emt 0:00:22]} 7. O-O {[%emt 0:00:14]} a6 {[%emt 0:00:31]} 8. Bc4 {[%emt 0:00:16]} O-O {[%emt 0:01:09]} 9. Re1 {[%emt 0:00:08]} b5 {[%emt 0:02:31]} 10. axb6 {[%emt 0:01:23]} Nxb6 {[%emt 0:06:26]} 11. Ba2 {[%emt 0:06:20]} Bb7 {[%emt 0:04:48]} 12. d3 {[%emt 0:04:17]} Ne8 {[%emt 0:25:02]} 13. Be3 {[%emt 0:12:21]} e5 {[%emt 0:00:18]} 14. Nd2 {[%emt 0:00:24]} Kh8 {[%emt 0:01:04]} 15. f4 {[%emt 0:15:03]} exf4 {[%emt 0:01:07]} 16. Bxf4 {[%emt 0:00:06]} f5 {[%emt 0:06:02]} 17. exf5 Rxf5 {[%emt 0:00:57]} 18. Bg3 {[%emt 0:12:30]} d5 {[%emt 0:10:41]} 19. Nf3 {[%emt 0:01:06]} Rf8 {[%emt 0:04:55]} 20. Be5 {[%emt 0:13:51]} Nf6 {[%emt 0:02:53]} 21. d4 {[%emt 0:05:04]} c4 {[%emt 0:00:30]} 22. Qd2 {[%emt 0:00:34]} Qd7 {[%emt 0:01:26]} 23. Bxf6 {[%emt 0:11:56]} Bxf6 {[%emt 0:00:25]} 24. Ne5 {[%emt 0:00:03]} Qg7 {[%emt 0:00:34]} 25. Re2 {[%emt 0:02:02]} Rae8 {[%emt 0:00:37]} 26. Rae1 {[%emt 0:00:18]} Nd7 {[%emt 0:04:38]} 27. Nf3 {[%emt 0:00:47]} 1/2-1/2

[Event "XI Closed IM BCC 2021"]
[Site "Barcelona"]
[Date "2021.03.21"]
[Round "7.3"]
[White "Hernandez, Cristian Andres"]
[Black "Louis, Thibault"]
[Result "1/2-1/2"]
[WhiteElo "2355"]
[BlackElo "2244"]
[Annotator "ChessBase"]
[PlyCount "66"]
[EventDate "2021.03.15"]
[EventType "tourn"]
[EventCountry "ESP"]
[SourceTitle "playchess.com"]
[Source "ChessBase"]
[SourceQuality "1"]
[TimeControl "5400+30"]

1. d4 {[%emt 0:12:15]} Nf6 {[%emt 0:00:00]} 2. Nf3 {[%emt 0:00:11]} e6 {[%emt 0:00:00]} 3. Bf4 {[%emt 0:01:08]} b6 {[%emt 0:04:51]} 4. Nbd2 {[%emt 0:01:58]} Bb7 {[%emt 0:00:29]} 5. e3 {[%emt 0:00:17]} Be7 {[%emt 0:00:30]} 6. h3 {[%emt 0:02:16]} O-O {[%emt 0:00:57]} 7. Bd3 {[%emt 0:00:14]} c5 {[%emt 0:03:46]} 8. a4 {[%emt 0:00:22]} cxd4 {[%emt 0:03:36]} 9. exd4 {[%emt 0:00:05]} Nc6 {[%emt 0:00:29]} 10. c3 {[%emt 0:05:28]} d6 {[%emt 0:04:50]} 11. Nc4 {[%emt 0:00:11]} e5 {[%emt 0:08:39]} 12. dxe5 {[%emt 0:00:06]} dxe5 {[%emt 0:00:15]} 13. Ncxe5 {[%emt 0:04:16]} Nd5 {[%emt 0:07:50]} 14. Bh2 {[%emt 0:24:40]} Nxe5 {[%emt 0:05:04]} 15. Nxe5 {[%emt 0:00:03]} Bd6 {[%emt 0:00:25]} 16. O-O {[%emt 0:04:06]} Bxe5 {[%emt 0:16:54]} 17. Bxe5 {[%emt 0:00:07]} Qg5 {[%emt 0:00:15]} 18. Bg3 {[%emt 0:09:23]} Nf4 {[%emt 0:06:59]} 19. Bc4 {[%emt 0:09:12]} Bxg2 {[%emt 0:15:59]} 20. Re1 {[%emt 0:04:08]} Bb7 {[%emt 0:04:54]} 21. Qg4 {[%emt 0:00:34]} Qxg4 {[%emt 0:02:28]} 22. hxg4 {[%emt 0:00:05]} Nh3+ {[%emt 0:02:39]} 23. Kf1 {[%emt 0:04:13]} Bf3 {[%emt 0:03:35]} 24. a5 {[%emt 0:02:57]} Bxg4 {[%emt 0:02:40]} 25. Re7 {[%emt 0:00:29]} Ng5 {[%emt 0:00:43]} 26. Bf4 {[%emt 0:03:17]} Be6 {[%emt 0:02:00]} 27. Be2 {[%emt 0:01:34]} h6 {[%emt 0:00:16]} 28. Bxg5 {[%emt 0:00:22]} hxg5 {[%emt 0:00:06]} 29. Bf3 {[%emt 0:00:02]} Rad8 {[%emt 0:01:22]} 30. Rxa7 {[%emt 0:00:09]} bxa5 {[%emt 0:00:32]} 31. R1xa5 {[%emt 0:00:49]} Rd2 {[%emt 0:00:20]} 32. b4 {[%emt 0:03:24]} Rd3 {[%emt 0:00:23]} 33. Be2 {[%emt 0:00:44]} Rxc3 {[%emt 0:00:10]} 1/2-1/2

[Event "XI Closed IM BCC 2021"]
[Site "Barcelona"]
[Date "2021.03.21"]
[Round "7.4"]
[White "Martin Barcelo, Carles"]
[Black "Ayats Llobera, Gerard"]
[Result "1/2-1/2"]
[WhiteElo "2258"]
[BlackElo "2402"]
[Annotator "TA"]
[PlyCount "104"]
[EventDate "2021.03.15"]
[EventType "tourn"]
[EventCountry "ESP"]
[SourceTitle "playchess.com"]
[Source "ChessBase"]
[SourceQuality "1"]

{[%evp 9,104,-1,0,0,0,0,17,22,26,22,43,0,0,0,0,0,0,0,0,0,0,0,0,0,0,14,14,0,16,0,0,-36,-33,-27,-19,-29,-45,-30,0,0,-10,-41,-35,-42,-12,-20,-24,-38,0,-25,-14,-18,0,-30,0,0,0,7,4,-11,-11,-10,-9,-7,0,0,4,0,29,18,32,12,24,0,39,20,35,17,23,2,8,8,62,50,45,21,34,16,16,16,33,31,35,31,39,39,88]} 1. e4 c5 2. Nf3 e6 3. b3 b6 4. Bd3 Bb7 5. O-O d6 6. Bb2 {B40: Sicilian: 2...e6, Unusual lines.} Nf6 7. e5 dxe5 8. Nxe5 {[#] The position is equal.} Qd5 $146 {[%csl Gb7][%cal Rd5g2]} ({Predecessor:} 8... Be7 9. a4 O-O 10. Na3 Na6 11. Bxa6 Bxa6 12. Nc6 Qc7 13. Nxe7+ Qxe7 14. Re1 Rfd8 {1-0 (31) Csonka,B (2452)-Huber,M (2341) Aschach 2018}) 9. f3 Nc6 {[#]} 10. Bc4 $1 Qd6 11. Bb5 Be7 12. Na3 {[%cal Bb1a3,Ba3c4,Bc4e5][%mdl 32]} O-O 13. Nac4 Qc7 {[#] Hoping for ...Nd4.} 14. Bxc6 Bxc6 15. Nxc6 Qxc6 16. Ne5 Qc7 17. f4 Rad8 18. Qe2 Ne8 19. a4 Nd6 20. a5 b5 21. a6 Bf6 22. d3 Nf5 23. Qe4 Nd4 24. Bxd4 cxd4 25. Rf2 Bxe5 26. Qxe5 Qc3 27. Qe1 Qc6 28. Qe4 Qc3 29. Qe1 Qc8 30. Qe4 g6 31. Qb7 Qc3 32. Rb1 Qa5 33. Qxa7 Rd6 34. Rff1 {And now Ra1 would win.} (34. g4 {feels hotter.} Qxa6 35. Qxa6 Rxa6 36. Re1 Rc8 37. Kg2) 34... Qxa6 35. Qxa6 Rxa6 $11 {[%mdl 4096] Endgame KRR-KRR} 36. Ra1 Rc6 37. Rf2 Rfc8 38. Ra2 $1 Kf8 39. Kf1 Ke7 40. g3 Kd6 41. Ke1 Kd5 42. Kd2 R8c7 43. Re2 f6 44. Rf2 e5 45. fxe5 Kxe5 (45... fxe5 $11 46. Rf8 Rb7) 46. Kc1 f5 47. Kb2 Kd5 48. Ra5 Kc5 49. Re2 Kb6 50. Ra8 {White is slightly better.} Rc8 51. Ra1 Kc5 52. Ra7 h6 {Weighted Error Value: White=0.08/Black=0.11} 1/2-1/2

[Event "XI Closed IM BCC 2021"]
[Site "Barcelona"]
[Date "2021.03.21"]
[Round "7.5"]
[White "Martin Gonzalez, Angel"]
[Black "Boukhris-Ferre, Yacine"]
[Result "1-0"]
[WhiteElo "2272"]
[BlackElo "2155"]
[Annotator "ChessBase"]
[PlyCount "55"]
[EventDate "2021.03.15"]
[EventType "tourn"]
[EventCountry "ESP"]
[SourceTitle "playchess.com"]
[Source "ChessBase"]
[SourceQuality "1"]
[TimeControl "5400+30"]

1. e4 {[%emt 0:01:00]} e6 {[%emt 0:00:00]} 2. d4 {[%emt 0:00:11]} d5 {[%emt 0:00:00]} 3. Nd2 {[%emt 0:00:22]} Be7 {[%emt 0:00:00]} 4. Ngf3 {[%emt 0:00:09]} Nf6 {[%emt 0:04:32]} 5. Bd3 {[%emt 0:00:30]} c5 {[%emt 0:00:38]} 6. c3 {[%emt 0:00:09]} cxd4 {[%emt 0:01:49]} 7. cxd4 {[%emt 0:04:45]} dxe4 {[%emt 0:00:07]} 8. Nxe4 {[%emt 0:00:07]} Nc6 {[%emt 0:00:16]} 9. O-O {[%emt 0:00:11]} O-O {[%emt 0:01:18]} 10. Nc3 {[%emt 0:01:29]} b6 {[%emt 0:01:38]} 11. a3 {[%emt 0:01:00]} Bb7 {[%emt 0:00:13]} 12. Re1 {[%emt 0:00:09]} Rc8 {[%emt 0:05:53]} 13. Bc2 {[%emt 0:00:27]} Qd6 {[%emt 0:18:37]} 14. Qd3 {[%emt 0:04:05]} g6 {[%emt 0:07:01]} 15. Bg5 {[%emt 0:10:51]} Rfd8 {[%emt 0:05:55]} 16. Rad1 {[%emt 0:00:36]} Nd5 {[%emt 0:09:41]} 17. Ne4 {[%emt 0:04:29]} Qc7 {[%emt 0:01:25]} 18. Bb3 {[%emt 0:10:01]} Bxg5 {[%emt 0:10:30]} 19. Nexg5 {[%emt 0:15:30]} Na5 {[%emt 0:18:15]} 20. Ne5 {[%emt 0:06:02]} Nf4 {[%emt 0:02:41]} 21. Qg3 {[%emt 0:05:47]} Nxb3 {[%emt 0:09:02]} 22. Qxf4 {[%emt 0:00:20]} Rxd4 {[%emt 0:00:13]} 23. Rxd4 {[%emt 0:00:32]} Nxd4 {[%emt 0:00:03]} 24. Qxd4 {[%emt 0:00:54]} f6 {[%emt 0:00:08]} 25. Ng4 {[%emt 0:04:40]} fxg5 {[%emt 0:00:20]} 26. Nh6+ {[%emt 0:00:08]} Kf8 {[%emt 0:00:04]} 27. Qf6+ {[%emt 0:00:09]} Ke8 {[%emt 0:00:24]} 28. Qxe6+ {[%emt 0:00:10]} 1-0

[Event "XI Closed IM BCC 2021"]
[Site "Barcelona"]
[Date "2021.03.22"]
[Round "8.1"]
[White "Gonzalez, Raul Omar"]
[Black "Boukhris-Ferre, Yacine"]
[Result "0-1"]
[WhiteElo "2178"]
[BlackElo "2155"]
[Annotator "RC"]
[PlyCount "76"]
[EventDate "2021.03.15"]
[EventType "tourn"]
[EventCountry "ESP"]
[SourceTitle "playchess.com"]
[Source "ChessBase"]
[SourceQuality "1"]
[TimeControl "5400+30"]

1. c4 Nf6 2. Nc3 g6 3. g3 Bg7 4. Bg2 O-O 5. f4 c5 6. Nf3 Nc6 7. e4 d6 8. O-O Bg4 9. h3 Bxf3 10. Bxf3 Nd4 11. d3 Rb8 12. Be3 Ne8 13. g4 b5 14. cxb5 Nxb5 15. Bd2 Nec7 16. Rc1 Nd4 17. b3 Na6 18. Be1 e6 19. Bg2 Nb4 20. Rf2 Nb5 21. Nxb5 Rxb5 22. Kh1 Bd4 23. Re2 a5 24. Bg3 Rb6 25. Qd2 a4 26. bxa4 Nc6 27. e5 Qc7 28. exd6 Qxd6 29. Kh2 Rb2 30. Rc2 Rfb8 31. f5 Rxc2 32. Qxc2 Bg1+ 33. Kh1 Qxg3 34. Bxc6 Bd4 35. Bg2 Rb2 36. Qd1 Be5 37. Kg1 Qh2+ 38. Kf1 Bd4 0-1

[Event "XI Closed IM BCC 2021"]
[Site "Barcelona"]
[Date "2021.03.22"]
[Round "8.2"]
[White "Ayats Llobera, Gerard"]
[Black "Martin Gonzalez, Angel"]
[Result "1-0"]
[WhiteElo "2402"]
[BlackElo "2272"]
[Annotator "TA"]
[PlyCount "57"]
[EventDate "2021.03.15"]
[EventType "tourn"]
[EventCountry "ESP"]
[SourceTitle "playchess.com"]
[Source "ChessBase"]
[SourceQuality "1"]

{[%evp 18,57,70,69,66,66,97,82,99,121,137,130,126,142,137,125,122,137,124,131,135,134,149,156,152,147,150,130,318,316,380,368,788,777,1366,1347,5202,4882,29987,29987,29988,29989]} 1. Nf3 c5 2. c4 g6 3. e4 Bg7 4. d4 cxd4 5. Nxd4 Nc6 6. Be3 Nf6 7. Nc3 O-O 8. Be2 b6 9. Qd2 Bb7 10. f3 e6 {B38: Sicilian: Maroczy Bind with 5...Bg7 and 7...0-0.} 11. O-O-O Rc8 12. Kb1 Ne5 {[#] White is better.} 13. Ndb5 $146 ({Predecessor:} 13. Bg5 h6 14. Bxh6 Nxc4 15. Bxc4 Rxc4 16. Ndb5 d5 17. e5 Ne8 18. Ne4 Ba6 19. Nbd6 Nxd6 20. Nxd6 Bxh6 21. Qxh6 {0-1 (49) Naboka,S (2029)-Skliarov,V (2049) Odessa 2009}) 13... d5 14. cxd5 exd5 {[#]} 15. f4 $1 {[%cal Rf4e5]} ({Reject} 15. exd5 $6 a6 $11) 15... Nc4 16. Bxc4 dxc4 17. Qc2 Qe7 {[%cal Rf6e4]} 18. e5 Ng4 19. Bd4 f6 20. exf6 Bxf6 21. Rhe1 Qg7 22. Bxf6 Qxf6 {[#]} (22... Nxf6 $16 23. Nd6 (23. Nxa7 Rce8 $16) 23... Rc7) 23. Nd6 $18 ({Not} 23. Nxa7 Rce8 $11) 23... Rb8 24. Qe2 Nxh2 $2 (24... Nh6 25. Qxc4+ Nf7 26. Nxb7 Rxb7) 25. Qxc4+ Kh8 26. Qc7 Bxg2 27. Re7 Ng4 28. Rxh7+ Kg8 29. Nce4 {White took control after the opening.  Weighted Error Value: White=0.01/Black=0.90} 1-0

[Event "XI Closed IM BCC 2021"]
[Site "Barcelona"]
[Date "2021.03.22"]
[Round "8.3"]
[White "Louis, Thibault"]
[Black "Martin Barcelo, Carles"]
[Result "1/2-1/2"]
[WhiteElo "2244"]
[BlackElo "2258"]
[Annotator "TA"]
[PlyCount "69"]
[EventDate "2021.03.15"]
[EventType "tourn"]
[EventCountry "ESP"]
[SourceTitle "playchess.com"]
[Source "ChessBase"]
[SourceQuality "1"]

{[%evp 10,69,0,0,0,0,0,0,0,-3,-3,-19,0,-12,-8,0,0,-7,-10,0,0,0,8,0,0,0,14,0,0,-79,-67,-64,-16,-130,-90,-100,-8,-38,-20,-16,58,59,66,56,70,47,46,50,50,52,55,45,46,46,46,39,40,39,39,39,42,32]} 1. e4 e6 2. d4 d5 3. Bd3 dxe4 4. Bxe4 Nf6 5. Bf3 c5 6. Ne2 Nc6 {C01: French: Exchange Variation.} 7. Be3 cxd4 8. Nxd4 Ne5 {The position is equal.} 9. O-O a6 10. c4 Be7 (10... Qc7 {is interesting.} 11. Be2 Bc5 12. b4 Be7 13. Nd2 O-O) 11. Nc3 O-O {[#]} 12. Qe2 $146 ({Predecessor:} 12. Be2 Qc7 13. b3 Rd8 14. Qc1 Neg4 15. Nf3 Bd6 16. g3 Nxe3 17. Qxe3 Bd7 18. Rfd1 {0-1 (31) Raats,J (1862)-Boudry,W (2044) Brasschaat 2018}) 12... Qc7 13. b3 Bd7 14. Rad1 Rfe8 15. Rfe1 Bb4 16. Bd2 Nxf3+ 17. Qxf3 Rad8 18. Ne4 Be7 19. Bf4 (19. Nxf6+ $11 Bxf6 20. Bc3) 19... e5 $17 {[%mdl 64] [#] Double Attack} 20. Bg3 Qc8 21. Ne2 ({Don't go for} 21. Bxe5 $2 Bg4 $19) (21. Nxf6+ $11 {keeps the balance.} gxf6 22. Nc2) 21... Bg4 22. Nxf6+ Bxf6 ({Black should play} 22... gxf6 $17 23. Qe3 Qc5 24. Qxc5 Bxc5) 23. Qe3 Rxd1 24. Rxd1 Rd8 (24... Be7 $11) 25. Rxd8+ $1 $14 {White is slightly better.} Qxd8 {[%cal Rd8d1] [#]} 26. f3 Bh5 27. Bxe5 (27. h3 {looks sharper.} Qd6 28. Nc3 Bg6 29. Nd5 h5 30. Qa7) 27... Qe7 28. Bd4 Qxe3+ 29. Bxe3 {[%mdl 4096] Endgame KBB-KBN} Bg6 30. Bd4 Bd3 31. Bxf6 {Threatens to win with Nc1.} Bxe2 32. Bd4 Bd3 33. c5 Bb1 34. a3 f6 35. Kf2 {Weighted Error Value: White=0.15/Black=0.16} 1/2-1/2

[Event "XI Closed IM BCC 2021"]
[Site "Barcelona"]
[Date "2021.03.22"]
[Round "8.4"]
[White "Valenzuela Gomez, Fernando"]
[Black "Hernandez, Cristian Andres"]
[Result "1-0"]
[WhiteElo "2393"]
[BlackElo "2355"]
[Annotator "TA"]
[PlyCount "87"]
[EventDate "2021.03.15"]
[EventType "tourn"]
[EventCountry "ESP"]
[SourceTitle "playchess.com"]
[Source "ChessBase"]
[SourceQuality "1"]

{[%evp 22,87,59,54,51,53,70,44,122,115,114,100,177,160,114,106,155,151,204,150,211,200,200,210,207,179,235,240,241,237,247,247,214,231,290,289,294,302,339,356,354,343,348,324,346,255,402,319,479,372,505,435,591,362,472,349,512,385,482,381,29978,29974,29981,29982,29989,29990,29997,29998]} 1. e4 c5 2. Nf3 d6 3. d4 cxd4 4. Nxd4 Nf6 5. Nc3 a6 6. Bg5 e6 7. f4 h6 8. Bh4 Be7 9. Qf3 Nbd7 10. O-O-O Qc7 {10...g5 is more fashionable.} 11. Be2 Rb8 12. Qg3 {Threatens to win with e5.} O-O {B99: Sicilian Najdorf: 6 Bg5 e6 7 f4 Be7 8 Qf3 Qc7 9 0-0-0 Nbd7.} 13. Bf3 Nb6 14. Rhe1 Nc4 (14... Bd7 $14) 15. e5 $16 dxe5 16. fxe5 $40 {[%mdl 128] White has strong attack.} Nh7 (16... Ne8 $16) 17. Bxe7 $18 Qxe7 {[#]} 18. Ne4 $146 ({Predecessor:} 18. Be2 Qb4 19. Nb3 b5 20. Rd4 Rb7 21. a3 Qe7 22. Bxc4 bxc4 23. Nd2 Rd7 24. Rxd7 Bxd7 25. Nxc4 {1-0 (32) Vasiukov,E-Najdorf,M Wijk aan Zee 1973}) 18... Bd7 {[#]} 19. Be2 $1 {[%cal Re2c4]} Nb6 (19... Rbc8 $16 {is a better defense.} 20. Kb1 Bb5 21. Bxc4 Rxc4) 20. Rf1 Kh8 (20... Bc6 $16 21. Nd6 Qg5+ 22. Qxg5 Nxg5) 21. h4 Nd5 22. Nd6 b5 23. Bd3 Nb4 (23... f6 $142 24. Bg6 Kg8 25. exf6 Rxf6) 24. Be4 f5 {[#]} 25. a3 $1 Na2+ (25... fxe4 26. Rxf8+) 26. Kb1 fxe4 27. Kxa2 e3 28. Rxf8+ (28. Qxe3 Qxh4 29. Ne2 Rxf1 $16) 28... Rxf8 29. Re1 ({Less strong is} 29. Qxe3 Qxh4 30. g3 Qh5 $16) 29... Bc8 30. Rxe3 Bb7 31. b3 Bd5 32. Re2 Qa7 33. Qe3 Qe7 (33... Qc5 $142 34. g3 Kg8) 34. g3 g5 (34... Kg8 $142 35. c4 bxc4) 35. h5 Qc7 36. Kb2 Qg7 37. Rf2 Kg8 38. Ka2 g4 (38... Rxf2 $142 39. Qxf2 Qa7) 39. c4 bxc4 40. bxc4 Bh1 $2 (40... Rxf2+ $18 41. Qxf2 Bf3) 41. Nxe6 {[%mdl 64] Double Attack. White mates.} Rxf2+ 42. Qxf2 Qd7 43. Qf5 Kh8 44. Nf7+ {Weighted Error Value: White=0.32/Black=0.66} 1-0

[Event "XI Closed IM BCC 2021"]
[Site "Barcelona"]
[Date "2021.03.22"]
[Round "8.5"]
[White "Jimenez Ruano, Adrian"]
[Black "Fantinel, Thibault"]
[Result "0-1"]
[WhiteElo "2326"]
[BlackElo "2375"]
[Annotator "TA"]
[PlyCount "95"]
[EventDate "2021.03.15"]
[EventType "tourn"]
[EventCountry "ESP"]
[SourceTitle "playchess.com"]
[Source "ChessBase"]
[SourceQuality "1"]

{[%evp 25,95,10,0,-13,-8,-6,-2,-10,-8,-38,-15,-37,-10,-66,-51,-62,-29,-66,0,-23,25,20,44,8,30,16,20,31,31,19,22,-44,-42,-13,-7,-6,-10,-56,-32,-52,0,-123,-109,-115,0,-375,-379,-475,-486,-545,-503,-479,-463,-2004,-1947,-1752,-1218,-29975,-29977,-29976,-29978,-29978,-29979,-29975,-29970,-29978,-29979,-29988,-29989,-29989,-29990,-29996]} 1. d4 Nf6 2. c4 g6 3. Nc3 Bg7 4. e4 d6 5. Nf3 O-O 6. Be2 Na6 7. O-O e5 8. Be3 c6 9. d5 Ng4 10. Bg5 f6 11. Bd2 f5 12. Ng5 Nf6 13. exf5 gxf5 14. f4 {E94: King's Indian: Classical: 6 Be2 e5 7 0-0: Various Black 7th moves.} e4 15. Be3 h6 16. Nh3 {[#] The position is equal.} Nc7 $146 ({Predecessor:} 16... c5 17. Nf2 Nc7 18. Kh1 h5 19. Bxh5 Nxh5 20. Qxh5 Ne8 21. Rae1 Nf6 22. Qd1 Qe8 {½-½ (38) Murshed,N (2510)-Xu,J (2535) Penang 1991}) 17. Kh1 Qe7 18. Rc1 Bd7 19. b4 (19. dxc6 $11 bxc6 20. Nf2) 19... cxd5 $15 20. cxd5 Rfc8 21. Nf2 Be8 22. Bc4 Bh5 23. Qd2 Nce8 24. Nb5 Bf7 25. Nd4 Rxc4 $1 26. Rxc4 Qd7 27. Rcc1 Nxd5 28. g4 (28. Rfe1 $11) 28... fxg4 29. f5 (29. Nxe4 $2 Qe7 $19) 29... Nxe3 30. Qxe3 Nf6 31. Qf4 (31. Nxe4 $2 Bd5 $19) 31... h5 32. Rfd1 ({Don't blunder} 32. Nxe4 $2 Bd5 $19) 32... Rc8 ({Black should try} 32... Nd5 $15 33. Qg5 Qd8 34. Qxd8+ (34. Nxe4 Qxg5 35. Nxg5 Ne3 $17) 34... Rxd8) 33. Kg1 (33. Rxc8+ $11 Qxc8 34. Ne6 Bxe6 35. fxe6) 33... Rxc1 $17 34. Rxc1 Qe7 ({Black should play} 34... Qe8 $17 {Hoping for ...e3.} 35. Ne2 e3) 35. Nb5 $2 {[%mdl 8192]} (35. Qg5 $11 Kh7 36. Ne6) 35... e3 $19 {...Nd5 is the strong threat.} 36. Nd3 Nd5 37. Qxd6 {Threatening Rc8+.} Qe4 38. Qd8+ Kh7 39. Nd6 (39. f6 $142 Bxf6 40. Qd7) 39... Qxd3 40. Nxf7 Qxf5 41. Rf1 {[#]} e2 $1 {[%csl Gf5][%cal Re2f1][%mdl 512] Black mates.} 42. Ng5+ {[#]} Qxg5 $3 {[%mdl 576] Promotion} 43. Qxg5 Bd4+ 44. Kg2 Ne3+ {[%mdl 64] Double Attack} 45. Kg3 exf1=Q 46. Qxh5+ Kg7 47. Qg5+ Kf7 48. Qd5+ {Weighted Error Value: White=0.78/Black=0.11} 0-1

[Event "XI Closed IM BCC 2021"]
[Site "Barcelona"]
[Date "2021.03.23"]
[Round "9.1"]
[White "Fantinel, Thibault"]
[Black "Gonzalez, Raul Omar"]
[Result "1-0"]
[WhiteElo "2375"]
[BlackElo "2178"]
[Annotator "ChessBase"]
[PlyCount "113"]
[EventDate "2021.03.15"]
[EventType "tourn"]
[EventCountry "ESP"]
[SourceTitle "playchess.com"]
[Source "ChessBase"]
[SourceQuality "1"]
[TimeControl "5400+30"]

1. e4 e5 2. Nf3 Nc6 3. Nc3 Bc5 4. Nxe5 Nxe5 5. d4 Bd6 6. dxe5 Bxe5 7. Qf3 Nf6 8. Bf4 Qe7 9. Bxe5 Qxe5 10. Qg3 Qxg3 11. hxg3 d6 12. Nb5 Kd8 13. f3 Bd7 14. g4 Bxb5 15. Bxb5 g5 16. O-O-O Ke7 17. Rhe1 Nd7 18. Bxd7 Kxd7 19. Rh1 Rae8 20. Rh5 f6 21. Rh6 Ke6 22. Rdh1 Re7 23. Kd2 Ke5 24. Ke3 d5 25. exd5 Kxd5+ 26. Kd3 Rd8 27. b3 Rdd7 28. Kc3 Rf7 29. Re1 c5 30. a4 b6 31. Re8 Kc6 32. Rh1 Rfe7 33. Re1 Rxe1 34. Rxe1 a6 35. Re8 b5 36. Rc8+ Kd5 37. Kd3 Rd6 38. c4+ bxc4+ 39. bxc4+ Ke5+ 40. Ke3 Re6 41. Rxc5+ Kd6+ 42. Kd4 Re2 43. Ra5 Rd2+ 44. Kc3 Rxg2 45. Rxa6+ Ke5 46. Ra5+ Ke6 47. Rd5 Rg3 48. Rd3 f5 49. gxf5+ Kxf5 50. a5 h5 51. a6 Rg1 52. Kb4 Rb1+ 53. Rb3 Re1 54. a7 Re8 55. Kc5 h4 56. Rb8 Re5+ 57. Kb4 1-0

[Event "XI Closed IM BCC 2021"]
[Site "Barcelona"]
[Date "2021.03.23"]
[Round "9.3"]
[White "Martin Barcelo, Carles"]
[Black "Valenzuela Gomez, Fernando"]
[Result "0-1"]
[WhiteElo "2258"]
[BlackElo "2393"]
[Annotator "TA"]
[PlyCount "60"]
[EventDate "2021.03.15"]
[EventType "tourn"]
[EventCountry "ESP"]
[SourceTitle "playchess.com"]
[Source "ChessBase"]
[SourceQuality "1"]

{[%evp 9,60,9,37,29,32,25,34,41,48,45,43,37,73,21,33,0,0,10,3,0,0,-22,-22,-33,-21,-56,-61,-50,-61,-56,-83,-112,-35,-40,-46,-58,-44,-218,-210,-210,-208,-216,-221,-939,-911,-919,-939,-1026,-675,-1364,-833,-1462,-1380]} 1. e4 c5 2. Nf3 d6 3. Bb5+ Nd7 4. a4 {[%cal Ba2a4,Ba4a5][%mdl 32]} Ngf6 5. Nc3 g6 6. O-O {B51: Sicilian: Moscow Variation (3 Bb5+) without 3...Bd7.} Bg7 7. a5 a6 8. Be2 {White is slightly better.} b5 9. axb6 $1 O-O 10. d3 {[#]} Bb7 $146 ({Predecessor:} 10... Qxb6 11. Ra2 Bb7 12. Bg5 h6 13. Be3 d5 14. Qd2 d4 15. Bxh6 dxc3 16. bxc3 a5 {0-1 (28) Hjorth,J (2119)-Varberg,K (2305) ICCF email 2014}) 11. Qd2 (11. Nd2 $16) 11... Qxb6 $11 12. b3 e6 13. Bb2 Qc7 14. Rfe1 d5 {[%cal Rd5e4]} 15. exd5 exd5 16. h3 d4 17. Na4 Nd5 18. Bc1 Rfe8 19. Qd1 Re7 20. Bf1 Rae8 (20... Ne5 $1 $17 {Hoping for ...Ne3!} 21. Be2 Rae8) 21. Rxe7 $15 Rxe7 22. Bg5 Re6 23. Nh2 $2 {[#] Now White is beyond hope.} (23. Bc1 $15) 23... Ne3 $1 $19 {[%cal Re3d1][%mdl 512]} 24. fxe3 dxe3 25. c3 {[#]} Qg3 $40 {[%mdl 128] Strongly threatening ...e2! Black is out for blood.} 26. Bxe3 (26. Nf3 Bxf3 27. Qxf3 Qxg5 28. Be2) 26... Qxe3+ {Black is clearly winning.} 27. Kh1 Qxh3 {( -> ...Be5!)} 28. Qg4 Qe3 29. Nf3 Bf6 30. Qg3 {[#]} Re5 $1 {[%mdl 576] Pin.  Weighted Error Value: White=0.85/Black=0.37} 0-1

[Event "XI Closed IM BCC 2021"]
[Site "Barcelona"]
[Date "2021.03.23"]
[Round "9.4"]
[White "Martin Gonzalez, Angel"]
[Black "Louis, Thibault"]
[Result "1/2-1/2"]
[WhiteElo "2272"]
[BlackElo "2244"]
[Annotator "ChessBase"]
[PlyCount "42"]
[EventDate "2021.03.15"]
[EventType "tourn"]
[EventCountry "ESP"]
[SourceTitle "playchess.com"]
[Source "ChessBase"]
[SourceQuality "1"]
[TimeControl "5400+30"]

1. e4 {[%emt 0:00:00]} c6 {[%emt 0:03:08]} 2. d4 {[%emt 0:00:00]} d5 {[%emt 0:00:06]} 3. exd5 {[%emt 0:00:19]} cxd5 {[%emt 0:01:14]} 4. c4 {[%emt 0:00:18]} Nf6 {[%emt 0:03:19]} 5. Nc3 {[%emt 0:00:16]} Nc6 {[%emt 0:02:50]} 6. Nf3 {[%emt 0:00:57]} g6 {[%emt 0:00:57]} 7. cxd5 {[%emt 0:08:21]} Nxd5 {[%emt 0:04:47]} 8. Qb3 {[%emt 0:04:11]} e6 {[%emt 0:00:54]} 9. Nxd5 {[%emt 0:14:20]} Qxd5 {[%emt 0:06:30]} 10. Qxd5 {[%emt 0:08:12]} Bb4+ {[%emt 0:01:51]} 11. Bd2 {[%emt 0:00:20]} exd5 {[%emt 0:01:25]} 12. Bb5 {[%emt 0:01:30]} Bd6 {[%emt 0:10:42]} 13. Bh6 {[%emt 0:09:54]} Bg4 {[%emt 0:06:41]} 14. Ne5 {[%emt 0:04:53]} Bxe5 {[%emt 0:19:34]} 15. dxe5 {[%emt 0:00:34]} a6 {[%emt 0:00:19]} 16. Ba4 {[%emt 0:19:10]} b5 {[%emt 0:05:00]} 17. Bb3 {[%emt 0:00:21]} Nxe5 {[%emt 0:08:04]} 18. Bxd5 {[%emt 0:11:28]} O-O-O {[%emt 0:00:21]} 19. Be4 {[%emt 0:04:31]} Nd3+ {[%emt 0:04:02]} 20. Bxd3 {[%emt 0:03:48]} Rxd3 {[%emt 0:00:22]} 21. O-O {[%emt 0:00:10]} Be6 {[%emt 0:01:06]} 1/2-1/2